Perú : (Registro nro. 273)
[ vista simple ]
| 000 -Cabecera | |
|---|---|
| Campo de control interno | 00680nam a2200241Ia 4500 |
| 005 - Fecha y hora del registro | |
| control field | 20251226112143.0 |
| 008 - Elementos de Longitud Fija | |
| fixed length control field | 251203t2003||||xx |||||||||||||| ||spa|| |
| 020 ## - ISBN | |
| ISBN | 9972401480 |
| 041 ## - Idioma | |
| Codigo Idioma | Español-Inglés |
| 082 ## - DEWEY y NOTACIÓN INTERNA | |
| Dewey | 918.5 |
| Notación Interna | W987 |
| 100 ## - AUTOR | |
| Autor denominación | Wust, Walter H., |
| Títulos y otras palabras asociadas con el nombre | autor |
| 245 #0 - TÍTULO DE MATERIAL BIBLIOGRÁFICO | |
| Título | Perú : |
| Título paralelo | país de mil colores |
| 246 ## - TÍTULO TRADUCIDO | |
| Título | Perú : land of a thousand colors |
| 250 ## - EDICIÓN | |
| Edición | Segunda edición |
| 260 ## - CIUDAD, EDITORIAL, AÑO | |
| Ciudad | Lima : |
| Nombre de la Editorial | Ediciones Peisa |
| Año | 2003 |
| 300 ## - DESCRIPCIÓN | |
| N° Páginas | 199 páginas : |
| Otros detalles | ilustraciones ; |
| Dimensiones | 34 cm. |
| 650 ## - TEMAS | |
| Temas | Geografía |
| 653 ## - DESCRIPTORES | |
| Lenguajes no controlado | Geografía; Descripción viajes, Perú; Siglo XX |
| 654 ## - PROGRAMAS | |
| Programa | Todos los programas |
| 700 ## - OTROS AUTORES | |
| Otros autores | Musselmann, Marie Isabel |
| 942 ## - ELEMENTOS DE KOHA | |
| Tipo de documento | Libro |
| Nombre del creador | Justo Noguera |
| Código de catalogador | Mirtha Ponce |
| Esquema de clasificación | Dewey Decimal Classification |
| Codigo completo | Registro | Colección | Copia número | Disponibilidad | Tipo de préstamo | Biblioteca Actual | Procedencia (Biblioteca) | Ubicacón | Fecha Ingreso | Tipo de Adquisición | Date last seen | Total checkouts | Price effective from | Tipo de Item | Estado del Material | Fuente de Clasificación | Damaged status | Withdrawn status |
|---|---|---|---|---|---|---|---|---|---|---|---|---|---|---|---|---|---|---|
| 918.5 W987 | 1085152 | Colección Vera Bejar | 1 | Restringido | Víctor Andrés Belaunde | Víctor Andrés Belaunde | Planta baja cerrada | 03/12/2025 | Donación | 03/12/2025 | 03/12/2025 | Libro | Bueno | Dewey Decimal Classification | Withdrawn |




